Biblioteca

El amor que no se apaga (Registro nro. 32166)

Detalles MARC
000 -LÍDER
Campo fijo de descripción fija 00929aam a2200313 i 4500
001 - NÚMERO DE CONTROL
Campo de control 768714001
003 - IDENTIFICADOR DEL NÚMERO DE CONTROL
Campo de control CO-MdFUSB
005 - FECHA Y HORA DE LA ULTIMA TRANSACCIÓN
control field 20250827090549.0
007 - CAMPO FIJO DE DESCRIPCIÓN FIJA--INFORMACIÓN GENERAL
Campo fijo de descripción fija ta
008 - ELEMENTOS DE LONGITUD FIJA -- INFORMACIÓN GENERAL
Campo fijo de descripción fija -- Información general 250827t1984 -us |||| |||| 00| 0 spa d
020 ## - NÚMERO INTERNACIONAL NORMALIZADO PARA LIBROS
Número Internacional Normalizado del libro 0-88113-010-9
040 ## - FUENTE DE CATALOGACIÓN
Agencia que realiza la transcripción CO-MdFUSB
041 0# - CÓDIGO DE IDIOMA
Código de idioma para texto/pista de sonido o título separado spa
Código de idioma original eng
082 04 - NÚMERO DE CLASIFICACIÓN DECIMAL DEWEY
Número de la edición del Dewey 23
Número de clasificación 248.844
Clave de autor-Numero de item W556a
100 1# - ASIENTO PRINCIPAL--NOMBRE PERSONAL
Nombre personal Wheat, Ed
Término relacionador autor
240 ## - TITULO UNIFORME
Título uniforme <a href="Love-life for every married couple">Love-life for every married couple</a>
245 13 - TÍTULO
Título del Material El amor que no se apaga
Mención de responsabilidad, etc. / Ed Wheat ; traducido por M. Francisco Liévano R.
264 #1 - PRODUCCIÓN, PUBLICACIÓN, DISTRIBUCIÓN, MANUFACTURA, Y COPYRIGHT
Nombre del productor, publicador, distribuidor Betania,
Lugar de producción, publicación, distribución, manufactura Nashville, TN., USA :
Fecha de producción, publicación, distribución, manufactura, o copyright [1984]
264 #4 - PRODUCCIÓN, PUBLICACIÓN, DISTRIBUCIÓN, MANUFACTURA, Y COPYRIGHT
Fecha de producción, publicación, distribución, manufactura, o copyright ©1984
300 ## - DESCRIPCIÓN FÍSICA
Extensión 224 páginas
336 ## - TIPO DE CONTENIDO
Término de tipo de contenido texto
Código de tipo de contenido txt
Fuente rdacontent
337 ## - TIPO DE MEDIO
Fuente rdamedia
Nombre del tipo de medio sin mediación
Código del tipo de medio n
338 ## - TIPO DE SOPORTE
Fuente rdacarrier
Nombre del tipo de soporte volumen
Código Tipo de soporte nc
563 ## - NOTA DE ENCUADERNACIÓN
Nota de encuadernación Rústico
650 #7 - ASIENTO SECUNDARIO DE MATERIA - TERMINO TEMÁTICO
Término temático o nombre geográfico como elemento de entrada Matrimonio
Subdivisión general Aspectos religiosos
Término temático que sigue al nombre geográfico como elemento de entrada Cristianismo
9 (RLIN) 291
700 ## - ASIENTO SECUNDARIO - NOMBRE PERSONAL
Nombre personal Liévano R., M. Francisco,
9 (RLIN) 11826
Responsabilidad traductor
942 ## - TIPO DE MATERIAL (KOHA)
Tipo de Item KOHA Libros General
945 ## - INFORMACIÓN LOCAL DEL REGISTRO
Catalogador JTF-925
Existencias
Estado de Material Estado de Perdido Estado de Dañado No para Préstamo Colección Tomo Biblioteca de Origen Biblioteca Permanente Fecha de Adquisición Total de Préstamos Total de Renovaciones Signatura Topográfica Código de Barras Última vez visto Última vez Préstado Ejemplar/Existencia Fecha de Remplazo Tipo de Material
        Colección General   Biblioteca FUSBC Biblioteca FUSBC 22/09/2004 3 2 G 248.844 W556a 28781 10/03/2023 23/02/2023 1 26/01/2016 Libros General
        Colección General   Biblioteca FUSBC Biblioteca FUSBC 22/09/2004 4   G 248.844 W556a 28782 12/12/2019 03/05/2018 2 26/01/2016 Libros General

Biblioteca FUSBC | Teléfono: (57+4) 349 88 10 Ext. 141| WhatsApp (+57) 3005338115 
E-mail: biblioteca@unisbc.edu.co | Calle 76 87-14 Robledo Palenque, Medellín, Colombia

Con tecnología Koha